| 000 | 00579nam a2200217Ia 4500 | ||
|---|---|---|---|
| 008 | 180523s9999 xx 000 0 und d | ||
| 020 | _a0-074-71345-0 | ||
| 050 | _aMAIN HD 31 | ||
| 050 | _b.O57 2004 | ||
| 100 | _aOnsman, Harry. | ||
| 245 | 0 | _aManagement powertools : | |
| 245 | 2 | _ba guide to 20 of the most powerful management tools and techniques ever invented / | |
| 245 | 0 | _cHarry Onsman. | |
| 260 | _aCanada : | ||
| 260 | _bMcGraw-Hill, | ||
| 260 | _c2004 | ||
| 300 | _a284 pages : | ||
| 300 | _c22 cm. | ||
| 500 | _aIncludes index. | ||
| 650 | _aManagement. | ||
| 999 |
_c356859 _d356859 |
||